000 00847 a2200253 4500
003 CBULib
005 20241023124143.0
008 241022b |||||||| |||| 00| 0 eng d
020 _a9780765801081
040 _bEnglish
_cCBULib
_erda
050 _aHD75 VLA
100 _aInozemtsev, Vladislav L.
245 _a"Catching up" : the limits of rapid economic development
_c/ by Inozemtsev Vladislav
260 _bTransaction Publishers,
_c2002
_aNew Brunswick :
300 _axii, 189 pages
336 _2rdacontent
_aText |
_btxt
337 _2rdamedia
_aUnmediated |
_bn
338 _2rdacarrier
_aVolume
_bnc
500 _aIncludes bibliographical references and index.
650 0 _91555
_aECONOMIC DEVELOPMENT
650 0 _93803
_aECONOMIC DEVELOPMENT - CASE STUDIES
650 0 _93804
_aECONOMIC POLICY - CASE STUDIES
942 _2lcc
_c002
999 _c85624
_d85624